| 000 | 00000nas 2200000zi 4500 |
| 001 | 9.940700 |
| 003 | CaOODSP |
| 005 | 20240718100604 |
| 006 | m o d f |
| 007 | cr cn |||||||| |
| 008 | 240718d19992001mbcar p o f0###b0fre|d |
| 022 | |a1498-9735 |
| 040 | |aCaOODSP|bfre|erda|cCaOODSP |
| 043 | |an-cn-on |
| 086 | 1 |aA92-46F-PDF|zA92-20/1999F-IN |
| 222 | 0|aQualité du soja de l'Ontario |
| 245 | 00|aQualité du soja de l'Ontario. |
| 264 | 1|aWinnipeg : |bCommission canadienne des grains = Canadian Grain Commission, |c[2000-2002] |
| 310 | |aAnnuel |
| 336 | |atexte|btxt|2rdacontent/fre |
| 337 | |ainformatique|bc|2rdamedia/fre |
| 338 | |aressource en ligne|bcr|2rdacarrier/fre |
| 362 | 1 |aParaît depuis : 1999; ne paraît plus après : 2001. |
| 500 | |aPublié aussi en anglais sous le titre : Quality of Ontari soybeans. |
| 550 | |aPublié par : Laboratoire de recherches sur les grains. |
| 588 | |aDescription d'après : 1999. |
| 588 | |aDernière livraison consultée : 2001. |
| 650 | 6|aSoja|xQualité|zCanada|zOntario|vPériodiques. |
| 655 | 7|aPériodiques|2rvmgf |
| 710 | 2 |aCommission canadienne des grains, |eorganisme de publication. |
| 710 | 2 |aLaboratoire de recherches sur les grains (Canada), |eorganisme de publication. |
| 775 | 08|tQuality of Ontario soybeans.|w(CaOODSP)9.940701 |